MDQL
is popping MORE tags! Check the
thread
!
Quizzes
Events
Quiz Creation
Community
Videos
Private Events
Remove Ads
Sign In
Join for FREE
Feedback
Dark Mode
Quiz Categories
Sports
Geography
Music
Movies
Television
Just For Fun
Miscellaneous
History
Literature
Language
Science
Gaming
Entertainment
Religion
Holiday
For Kids
Quiz Lab
Recent
Popular Today
Quiz Kudos Today
Editor Picks
Curator Picks
Quizzes by...
Day
Popularity
Type
Ratings
Length
Year
Community
Subscriptions
Recent Discussions
Orange Saloon
Badges
Playlists
Quests
Create
Leaderboards
Showdown
Live 5
Trivia Bingo
Activity
Puzzle Library
Sporcle Events
Private Events
Virtual Trivia
Globe League
Become a Host
Pub Owners
SporcleCon
Opinionation
Our Games
Videos
Blog
Mobile Apps
Partnerships
Remove Ads and Go Orange
Feedback
Miscellaneous
Crossword
General Knowledge
Baby Names
Logo
Food
Cars
Numbers
Grab Bag
University
College
Popular
Company
Slogans
Restaurants
Justice
Letter
Miscellaneous
Crossword
General Knowledge
Baby Names
Logo
Food
Cars
Numbers
Grab Bag
University
College
Popular
Company
Slogans
Restaurants
Justice
Letter
Random Quiz
Search Sporcle
×
Quiz Lab
Quiz Lab
Miscellaneous
Quote
Type in answers that appear in a list
Type in answers that appear in a list
Classic
Best Score? Go Orange.
Quotes of Famous Tennesseeans Stats
Can you name the authors of these quotes by famous Tennesseans?
By
Mistakenblood
4m
15 Questions
22 Plays
22 Plays
22 Plays
Comments
Comments
Give Quiz Kudos
Give Quiz Kudos
-
- Ratings
hide this ad
More Info
Replay
Link that replays current quiz
Next Quiz
Link to next quiz in quiz playlist
You Got
0%
They Got
Avg Score
36%
Avg Friend Score
Upgrade to see
Score Distribution
Jump to the score distribution portion of the page
Score
0/15
Timer
04:00
0
Plays Today
Quote
Tennessean
% Correct
'I would sincerely regret, and which never shall happen whilst I am in office, a military guard around the President.'
Andrew Jackson
81.8%
'You may all go to Hell, and I will go to Texas.'
David Crockett
68.2%
'During my service in the United States Congress, I took the initiative in creating the Internet.'
Albert Gore, Jr.
63.6%
'I look just like the girls next door... if you happen to live next door to an amusement park.'
Dolly Parton
59.1%
'I am heartily rejoiced that my term is so near its close. I will soon cease to be a servant and will become a sovereign.'
James K. Polk
54.5%
'I feel incompetent to perform duties... which have been so unexpectedly thrown upon me.'
Andrew Johnson
45.5%
'I think Hannah gets nervous just like any other person would. She's like a dork, personally. She's just really, really fun.'
Miley Cyrus
36.4%
'A lot of people think Christianity is about always being perfect. It's actually the opposite of that. It's realizing that we're all humans...'
Billy Ray Cyrus
36.4%
Quote
Tennessean
% Correct
'I have 20,000 girlfriends, all around the world.'
Justin Timberlake
31.8%
'I'm not even kind of a lesbian.'
Oprah Winfrey
22.7%
'We were the local band. That night was huge for us because we got to play with some of our favorite bands.'
Hayley Williams
18.2%
'Brave men do not gather by thousands to torture and murder a single individual, so gagged and bound he cannot make even feeble resistance or defense.'
Ida B. Wells
9.1%
'I know the difference between black magic and white magic.'
Tina Turner
9.1%
'Down time is not the name of the game.'
Usher Raymond
9.1%
'The primary issue is the effect the contamination has on the property.'
Sequoyah
9.1%
Quiz Playlist
Details
Report
Send in Message
Add To Playlist
More Info:
The people featured in this quiz were not all born in TN. However, they were all either born, raised, or recognized for their work in the state of TN.
Classic:
Type in answers that appear in a list
Quiz Source
Last Updated: Feb 16, 2017
Quiz Scoreboard
CHALLENGE
Sign Up to Join the Scoreboard
Show All
Scores
Hide
Comments
May contain spoilers
Recently Published
1-10 Letter E Words III
by El_Dandy
Language
2m
Street Fighter Characters
by Artimus82
Gaming
60s
College Basketball Coaching Resumes
by pancakes188
Sports
9m
More to Explore
Quiz From the Vault
Featured Blog Post
Where Did the Easter Bunny Come From?
hide this ad
You Might Also Like...
Tags
Famous Quiz
Nintendo Quiz
Quote Quiz
tennessee
Today's Top Quizzes in Miscellaneous
Browse Miscellaneous
hide this ad
Today's Top Quizzes in Quote
Browse Quote
Top Contributed Quizzes in Miscellaneous
1
5-to-1: Fast Food
2
The JOE quick-fire general knowledge quiz: Day 174
3
The JOE quick-fire general knowledge quiz: Day 173
4
5-to-1: Cocktails
5
The JOE quick-fire general knowledge quiz: Day 172
6
9x9 Crossword: Disney Movie Titles
7
9x9 Crossword: Charlie and the Chocolate Factory
8
Sunday Crossword: Famous Bodies of Water
9
9x9 Crossword: Flags
10
The JOE quick-fire general knowledge quiz: Day 171
Explore More
Trending Topics
Marvel
NBA
Kpop
Harry Potter
Anime
Disney
Crossword
Puzzle
Soccer
The Office
Country
Pokémon
NFL
Song
WWE
hide this ad
More By:
Mistakenblood
Quiz
Plays
Rating
Category
Featured
Created
Very High Human Development Minefield (2011)
710
4.70
Geography
Dec 19, 2011
Apple Varieties (Clickable)
651
5.00
Just For Fun
Aug 9, 2013
Largest Cities Proper in the World
193
2.57
Geography
Apr 4, 2011
Quotes of Famous Tennesseeans
22
Miscellaneous
May 16, 2011
Go to Creator's Profile
Score Distribution
Quiz Creator Spotlight
Mistakenblood
Follow
Send a Message
Quizzes Created
-
Created Quiz Play Count
-
More By This Creator
Popular Quizzes Today
1
Find the US States - No Outlines Minefield
2
Find the Countries of Europe - No Outlines Minefield
3
Find the US States
4
The Countries of the World
5
Risky Map Clicking: Biggest States A-Z
6
US States
7
Popular People in 1961
8
Movies - When Are They Set?
More Miscellaneous Quizzes
Slogans Fill in the Blank II
Published
Trending Quizzes
Risky Map Clicking: Least Populous States A-Z
1-10 Letter G Words
Countries of the World: 200 Million BC
1-10 Letter F Words
Risky Map Clicking: Next State Alphabetically
Recently Updated
Largest US Cities 1790-2010
pecheneg
Rides in Walt Disney World
pecheneg
Most Oscar Losses (Acting)
pecheneg
Beyoncé Albums
pecheneg
Leaping Animals
pecheneg
Reality TV Shows (A-Z)
bhenderson79
Rickey Henderson's Hall of Fame Teammates
pecheneg
Champions League XIs: Arsenal
pecheneg
Quick Pick: Celebrities in WWE's Hall of Fame
aduchscher
A-Z Keypad Blitz II
pecheneg
Trending Topics
Harry Potter
Anime
Marvel
Crossword
Kpop
NBA
Disney
Soccer
Puzzle
Pokémon
Song
WWE
NFL
The Office
Country
Your Account Isn't Verified!
In order to create a playlist on Sporcle, you need to verify the email address you used during registration. Go to your
Sporcle Settings
to finish the process.
Report this User
Report this user for behavior that violates our
Community Guidelines
.
Details:
Send Report
Go to the Sporcle.com Mobile Site →
Comments